000 03730cam a22012134i 4500
003 PE-LiUPU
005 20250813185626.0
008 150706s2010 ag r 000 0 spa d
020 _a9788461434763
035 _a(Sirsi) i9788461434763
040 _aPE-LiUPU
_bspa
_cPE-LiUPU
_erda
049 _aPRUA
082 0 4 _a302.23
_bC7
_221
245 0 3 _aLa comunicación :
_b10 voces esenciales /
_cJoan Costa, editor.
264 1 _aTiana :
_bBarcelona : CPC,
_c2010 .
300 _a199 páginas ;
_c24 cm.
336 _atext
_2rdacontent
337 _aunmediated
_2rdamedia
338 _avolume
_2rdacarrier
490 0 _aColección Joan Costa ;
_v5
505 0 _aHistorias entretejidas -- Inabarcable Abraham -- El filósofo de la Comunicación -- Cien años de lucidez -- Laberintos de la memoria -- Análisis sistémico de la sociedad como máquina -- Propuesta para una Nueva Declaración de los Derechos -- Humanos -- Kitsch y posthistoria -- Un modelo posible de nuestra cultura -- El fenómeno sorprendente de la comunicación -- Civilización (e incivilización) de la imagen -- Sociología de los mass media -- Inter media y mixed media -- La identidad corporativa tetra dimensional en el diseño televisivo -- Libertad, Símbolos y Comunicación -- La violencia de los medios -- Los sistemas de comunicación, el negocio más importante de nuestra época -- Imagen y Poder -- Nuevas corrientes en el estudio de los medios de comunicación masiva -- La representación en Geopolítica -- Una fenomenología de los actos -- Universidad, Empresa y Sociedad: el Dircom.
526 _aP202
526 _aP201
526 _aP163
526 _aP162
526 _aP161
526 _aP160
526 _aP148
526 _aP147
526 _aP146
526 _aP145
526 _aP144
526 _aP143
526 _aP142
526 _aP141
526 _aP140
526 _aP139
526 _aP138
526 _aP137
526 _aP136
526 _aP135
526 _aP134
526 _aP133
526 _aP129
526 _aP128
526 _aP127
526 _aP120
526 _aP119
526 _aP118
526 _aP116
526 _aP115
526 _aP114
526 _aP110
526 _aP109
526 _aP108
526 _aP104
526 _aP103
526 _aP102
526 _aP99
526 _aP98
526 _aP97
526 _aP96
526 _aP95
526 _aP93
526 _aP90
526 _aP89
526 _aP88
526 _aP83
526 _aP82
526 _aP62
526 _aP59
526 _aP58
526 _aP57
526 _aP51
526 _aP49
526 _aP48
526 _aP47
526 _aP29
526 _aP24
526 _aP20
526 _aP19
526 _aP17
526 _aP15
526 _aP14
526 _aP12
526 _aP10
526 _aP09
526 _aP08
526 _aP07
526 _aP06
526 _aP05
526 _aP04
526 _aP01
541 _g030-0014456;
650 0 4 _aMedios de comunicación social
_xAspectos sociales .
650 0 4 _aMedios de comunicación social .
700 1 _aCosta, Joan,
_d1926- ,
_eed.
910 _agl
_cng
_d20130718
942 _2ddc
_cBOOK
949 _a302.23 C7
_wDEWEY
_c1
_i68122
_lCCODEBUL1
_mBUL
_p24.00
_r0
_sY
_tBOOK
_u2015-7-6
_xFCE
_PP04
_o.STAFF. Colección General
994 _aC0
_bPEPRU
596 _a1
999 _a302.23 C7
_wDEWEY
_c55559
_i68122
_f2021-11-4
_g6
_lCCODEBUL1
_mBUL
_p24.00
_r0
_sY
_tBOOK
_u2015-7-6
_xBIBLIOTECA
_PP04
_0COMPRA
_o.STAFF. Colección General
_d55559
980 _81
_gALBERTO SANCHEZ Responsable de Automatización